000 00711nam a2200241 a 4500
001 19655
003 CO-ViMGA
008 141112s2004 ck r 000 u spa d
020 _a8475776426
040 _aCO-ViMGA
_bspa
_cCO-ViMGA
082 0 4 _a302.2242 T465s
100 1 _aThomson, Peter
_928440
245 1 0 _aLos Secretos de la comunicación :
_bCómo ser escuchado y obtener beneficios
260 _aBuenos Aires :
_bGranica,
_c1999
300 _a256 p.
490 _aComunicación
590 _aForma de adquisición : Premio Mincultura
650 1 4 _aCOMUNICACION INTERPERSONAL
_999
650 1 4 _aCOMUNICACION NO VERBAL
_9101
650 1 4 _aORATORIA
650 1 4 _aPERSUASION
_928441
942 _2ddc
_cBK
999 _c28791
_d28791